Statistiques concernant Yokai Légendaires

Cliquez ici pour prendre le quiz!

Statistiques générales

  • Ce quiz a été pris 35 fois
  • Le résultat moyen est 8 sur 17

Statistiques - réponses

TribuRéponse% Correct
Vaillant
Shogunyan
94%
MignonDéballerine
90%
SinistreCabotin
84%
CostaudGorgouille
84%
MystérieuxKomashura
81%
InsaisissableSlurpent
81%
BienveillantCamaïeul
77%
SombreSavantard
68%
InsaisissableRoi Pourkoidon
26%
VaillantAsura
23%
SinistreSaincope
23%
MignonCorailline
19%
SinistreIkemengyo
10%
Sombre
Kanekui Hime
10%
CostaudMorigami Rex
10%
InsaisissablePuni Nandaryuuou
10%
CostaudYamabukihime
10%

Distribution des résultats

Percentile par nombre de réponses

% des personnes avec chaque résultat

Votre développement - résultats

Vous n’avez pas pris ce quiz